| 000 | 00602nam a22001697a 4500 | ||
|---|---|---|---|
| 003 | MACL | ||
| 005 | 20160120131005.0 | ||
| 008 | 160120b xxu||||| |||| 00| 0 eng d | ||
| 040 | _cMACL | ||
| 041 | _aHindi | ||
| 082 | _a030.954 | ||
| 100 |
_aएन्साइक्लोपीडिया ब्रिटैनिका इंडिया प्राइवेट लिमिटेड _933606 |
||
| 245 | _aभारत ज्ञानकोश | ||
| 260 |
_aमुंबई _bपॉप्यूलर प्रकाशन _c2002 |
||
| 650 |
_aEncyclopedia _933607 |
||
| 942 |
_2ddc _cHIN |
||
| 999 |
_c52813 _d52813 |
||